Países más corruptos de América - Estadísticas

Estadísticas generales
  • Esta prueba ha sido intentada 187 veces
  • La puntuación promedio es 10 de 15
Estadísticas de respuestas
Subcontinente País % Correcto
Sudamérica Venezuela
96%
Centroamérica Honduras
78%
Norteamérica México
75%
Centroamérica Nicaragua
74%
Centroamérica El Salvador
73%
Sudamérica Bolivia
72%
Sudamérica Brasil
71%
Sudamérica Perú
69%
Centroamérica Guatemala
66%
Sudamérica Ecuador
64%
Caribe Haití
64%
Sudamérica Paraguay
62%
Centroamérica Panamá
58%
Caribe República Dominicana
38%
Sudamérica Surinam
35%
No se encontraron pruebas coincidentes
Distribución de puntuación
Porcentaje de gente con cada puntuación
Porcentaje por número respondido
Historial de tus puntuaciones
No has intentado esta prueba.